Stolice regionów Rosji cz. 1 - Statystyki

Ogólne statystyki
  • Ten quiz został rozwiązany 45 razy
  • Średni wynik to 33 z 58
Statystyki odpowiedzi
region stolica % Poprawnych
obwód moskiewski Moskwa
100%
Moskwa (miasto) Moskwa
100%
Petersburg (miasto) Petersburg
92%
Kraj Krasnodarski Krasnodar
84%
obwód królewiecki Królewiec
84%
obwód kurski Kursk
84%
Sewastopol (miasto)* Sewastopol
84%
obwód murmański Murmańsk
80%
obwód smoleński Smoleńsk
80%
Czeczenia Grozny
76%
obwód jarosławski Jarosław
76%
obwód niżnonowogrodzki Niżny Nowogród
76%
Kraj Permski Perm
76%
obwód riazański Riazań
76%
obwód briański Briańsk
72%
obwód orenburski Orenburg
72%
obwód pskowski Psków
72%
obwód samarski Samara
72%
obwód saratowski Saratów
72%
obwód wołgogradzki Wołgograd
72%
obwód archangielski Archangielsk
68%
obwód astrachański Astrachań
68%
Tatarstan Kazań
68%
obwód rostowski Rostów nad Donem
68%
Kraj Stawropolski Stawropol
68%
obwód włodzimierski Włodzimierz
68%
obwód woroneski Woroneż
68%
obwód biełgorodzki Biełgorod
64%
obwód kirowski Kirow
64%
obwód tambowski Tambow
64%
obwód twerski Twer
64%
obwód iwanowski Iwanowo
56%
obwód lipiecki Lipieck
56%
Dagestan Machaczkała
56%
obwód tulski Tuła
56%
Baszkiria, Baszkortostan Ufa
52%
obwód penzeński Penza
44%
obwód kostromski Kostroma
40%
Krym* Symferopol
40%
obwód kałuski Kaługa
36%
obwód nowogrodzki Nowogród Wielki
36%
obwód orłowski Orzeł
36%
Mordowia Sarańsk
36%
obwód wołogodzki Wołogda
36%
Mari El Joszkar-Oła
32%
Adygeja Majkop
32%
Nieniecki Okręg Autonomiczny Narjan-Mar
32%
Karelia Pietrozawodsk
32%
Osetia Północna Władykaukaz
32%
Czuwaszja Czeboksary
28%
Karaczajo-Czerkiesja Czerkiesk
28%
Kałmucja Elista
28%
Udmurcja Iżewsk
28%
Kabardo-Bałkaria Nalczyk
28%
Komi Syktywkar
28%
Inguszetia Magas
24%
obwód uljanowski Ujlanowsk
24%
obwód leningradzki Gatczyna
20%
Nie znaleziono quizów pasujących do podanych kryteriów
Rozkład punktacji
Procent ludzi z każdym wynikiem
Percentyl według liczby udzielonych odpowiedzi
Twoja historia wyników
Nie rozwiązałeś tego quizu